00825cam a22002291 4500001001300000003000400013005001700017008004100034010001700075035002000092040004300112042001200155050003000167100004000197245007900237260006400316300004800380440006600428650003400494700005000528999001700578gs 44000139 DLC20260227111350.0851014s1913 ii b f000 0 eng c ags 44000139  a(OCoLC)12673443 aU. S. Geol. Survey. LibrarycTxHRdDLC apremarc00aQE295b.A4 vol. 43, pt. 11 aHolland, Thomas Henry,cSir,d1868-10aIndian geological terminology.cBy Sir Thomas H. Holland and G. H. Tipper. aCalcutta,bOffice of the Geological Survey of India,c1913. aii, 127, xxiii p.b5 maps (2 fold.)c27 cm. 0aMemoirs of the Geological Survey of India,vvol. XLIII, pt. 1 0aGeologyzIndiaxNomenclature.1 aTipper, George Howlett,d1881-ejoint author. c27990d27990